The death of nature : (Registro nro. 63365)
[ vista simple ]
| 000 -LEADER | |
|---|---|
| fixed length control field | 00713nam a2200217 a 4500 |
| 001 - CONTROL NUMBER | |
| control field | 63365 |
| 005 - DATE AND TIME OF LATEST TRANSACTION | |
| control field | 20180714065748.0 |
| 008 - FIXED-LENGTH DATA ELEMENTS--GENERAL INFORMATION | |
| fixed length control field | 150824s1989 xxua 000 0 spa d |
| 020 ## - INTERNATIONAL STANDARD BOOK NUMBER | |
| International Standard Book Number | 978-0-06-250595-8 |
| 082 0# - DEWEY DECIMAL CLASSIFICATION NUMBER | |
| Classification number | 304.2 |
| Item number | MER |
| 100 1# - MAIN ENTRY--PERSONAL NAME | |
| Personal name | Merchant, Carolyn |
| Relator term | autor |
| 245 10 - TITLE STATEMENT | |
| Title | The death of nature : |
| Remainder of title | women, ecology, and the scientific revolution / |
| Statement of responsibility, etc. | Carolyn Merchant. |
| 264 #1 - PRODUCTION, PUBLICATION, DISTRIBUTION, MANUFACTURE, AND COPYRIGHT NOTICE | |
| Place of production, publication, distribution, manufacture | Estados Unidos Mexicanos : |
| Name of producer, publisher, distributor, manufacturer | Harper one : |
| Date of production, publication, distribution, manufacture, or copyright notice | 1989 |
| 300 ## - PHYSICAL DESCRIPTION | |
| Extent | 348 páginas : ; |
| Dimensions | 21 cm. |
| 336 ## - CONTENT TYPE | |
| Content type term | texto |
| Source | rdacontent |
| 337 ## - MEDIA TYPE | |
| Media type term | sin mediación |
| Source | rdamedia |
| 338 ## - CARRIER TYPE | |
| Carrier type term | volumen |
| Source | rdacarrier |
| 650 #4 - SUBJECT ADDED ENTRY--TOPICAL TERM | |
| Topical term or geographic name entry element | Mujeres en la ciencia |
| 650 #4 - SUBJECT ADDED ENTRY--TOPICAL TERM | |
| Topical term or geographic name entry element | Filosofía de la naturaleza |
| 650 #4 - SUBJECT ADDED ENTRY--TOPICAL TERM | |
| -- | cología humana |
| Withdrawn status | Lost status | Source of classification or shelving scheme | Damaged status | Not for loan | Collection code | Home library | Current library | Shelving location | Date acquired | Source of acquisition | Inventory number | Total Checkouts | Full call number | Barcode | Date last seen | Price effective from | Koha item type |
|---|---|---|---|---|---|---|---|---|---|---|---|---|---|---|---|---|---|
| Dewey Decimal Classification | General | Centro de Estudios en Ciencia y Religión | Centro de Estudios en Ciencia y Religión | Sala general | 24/08/2015 | Compra | 151000000000000000077728 | 304.2 MER 1989 | 86338 | 05/01/2026 | 20/11/2015 | Libro |